Narodowości Które Strzeliły Gola w Bundeslidze - Statystyki

Ogólne statystyki
  • Ten quiz został rozwiązany 209 razy
  • Średni wynik to 68 z 99
Statystyki odpowiedzi
Ilość goli Narodowości % Poprawnych
37.176 Niemcy
98%
1.027 Polska
98%
216 Hiszpania
93%
177 Rosja
93%
796 Francja
92%
234 Stany Zjednoczone
91%
192 Anglia
90%
1.129 Austria
90%
1.436 Brazylia
90%
95 Ukraina
90%
311 Japonia
89%
359 Argentyna
88%
706 Szwecja
88%
441 Belgia
87%
625 Czechy
87%
1.102 Holandia
86%
211 Portugalia
86%
172 Słowacja
86%
177 Włochy
86%
924 Dania
85%
76 Finlandia
85%
35 Kanada
85%
43 Meksyk
85%
300 Norwegia
85%
639 Szwajcaria
85%
90 Egipt
84%
143 Słowenia
84%
20 Chiny
83%
22 Łotwa
83%
78 Australia
82%
851 Chorwacja
82%
238 Grecja
82%
223 Korea Południowa
82%
13 Litwa
82%
392 Serbia
82%
14 Białoruś
81%
4 Estonia
80%
30 Szkocja
80%
37 Republika Południowej Afryki
78%
355 Turcja
78%
277 Węgry
78%
42 Chile
77%
79 Maroko
77%
22 Urugwaj
77%
240 Rumunia
76%
14 Walia
75%
127 Kolumbia
74%
60 Albania
73%
277 Bułgaria
73%
35 Luksemburg
73%
289 Peru
73%
76 Algieria
72%
59 Nowa Zelandia
72%
203 Senegal
72%
637 Bośnia i Hercegowina
71%
201 Islandia
71%
48 Kosowo
71%
48 Macedonia Północna
71%
245 Nigeria
71%
146 Paragwaj
71%
34 Wenezuela
71%
128 Iran
70%
4 Ekwador
69%
1 Irak
68%
20 Czarnogóra
67%
36 Izrael
65%
205 Ghana
64%
133 Tunezja
64%
73 Demokratyczna Republika Konga
63%
80 Gruzja
63%
179 Wybrzeże Kości Słoniowej
63%
33 Armenia
61%
153 Kamerun
61%
5 Kostaryka
61%
4 Cypr
58%
93 Gwinea
58%
30 Jamajka
56%
2 Malta
56%
12 Kongo
54%
37 Mali
54%
98 Gabon
52%
28 Angola
51%
12 Syria
51%
19 Surinam
48%
104 Togo
46%
2 Gwinea Równikowa
45%
3 Gwinea Bissau
44%
17 Liban
44%
10 Filipiny
41%
7 Zambia
41%
26 Burkina Faso
39%
2 Benin
36%
1 Gambia
36%
18 Namibia
34%
1 Kambodża
23%
1 Wyspy Owcze
22%
1 Komory
19%
10 Curacao
9%
5 Gwadelupa
7%
Nie znaleziono quizów pasujących do podanych kryteriów
Rozkład punktacji
Procent ludzi z każdym wynikiem
Percentyl według liczby udzielonych odpowiedzi
Twoja historia wyników
Nie rozwiązałeś tego quizu